[Event "Cattolica Vergani Cup"]
[Site "Cattolica"]
[Date "2021.12.26"]
[Round "1"]
[White "Mrithyunjay, Mahadevan"]
[Black "Palozza, Flavio"]
[Result "1-0"]
[WhiteElo "2206"]
[BlackElo "1830"]
[PlyCount "99"]
[EventDate "2021.12.26"]
[EventType "swiss"]
[EventRounds "9"]
[EventCountry "ITA"]
[SourceTitle "EXT 2023"]
[Source "ChessBase"]
[SourceDate "2022.10.05"]
[SourceVersion "1"]
[SourceVersionDate "2022.10.05"]
[SourceQuality "1"]

1. e4 c6 2. d4 d5 3. f3 g6 4. Nc3 Bg7 5. Be3 Nf6 6. e5 Nfd7 7. Qd2 0-0 8. h4 c5 9. f4 f6 10. dxc5 fxe5 11. Qxd5+ Kh8 12. h5 gxh5 13. 0-0-0 Nc6 14. Qe4 Qe8 15. Nd5 Nf6 16. Nxf6 exf6 17. Bb5 Bg4 18. Bxc6 Qxc6 19. Qxc6 bxc6 20. Rd6 Rac8 21. Nf3 Rf7 22. fxe5 Bxf3 23. gxf3 fxe5 24. Bh6 Rxf3 25. Bxg7+ Kxg7 26. Rxh5 e4 27. Re5 Rc7 28. Rxe4 Rf1+ 29. Kd2 Rf5 30. b4 Kf7 31. Rh4 Ke8 32. Rhh6 Rd5+ 33. Kc3 Rxd6 34. cxd6 Rf7 35. Kd4 Kd7 36. Ke5 Rg7 37. c4 Rg5+ 38. Kd4 Rg4+ 39. Kc3 a6 40. c5 Rg7 41. a3 Kc8 42. Kb3 Kb7 43. Ka4 Rf7 44. Ka5 Rg7 45. Re6 Rd7 46. Re7 Kc8 47. Re8+ Kb7 48. Re6 Ka7 49. Re7 Rb7 50. d7 1-0

[Event "Helsingor Xtracon op"]
[Site "Helsingor"]
[Date "2016.07.30"]
[Round "9"]
[White "Gjare, Vidar"]
[Black "Palozza, Flavio"]
[Result "1-0"]
[WhiteElo "1646"]
[BlackElo "1342"]
[PlyCount "135"]
[EventDate "2016.07.23"]
[EventType "swiss"]
[EventRounds "10"]
[EventCountry "DEN"]
[SourceTitle "CBM 173 Extra"]
[Source "ChessBase"]
[SourceDate "2016.08.29"]
[SourceVersion "1"]
[SourceVersionDate "2016.08.29"]
[SourceQuality "1"]

1. e4 g6 2. d4 Bg7 3. Nc3 c6 4. Be3 d5 5. Qd2 dxe4 6. Nxe4 Bf5 7. Ng3 Bg4 8. h3 Be6 9. a3 Nf6 10. N1e2 Na6 11. Nf4 Nc7 12. Be2 Bc8 13. 0-0-0 Ncd5 14. Nxd5 Nxd5 15. Bh6 0-0 16. h4 Re8 17. h5 Bh8 18. hxg6 fxg6 19. Bg5 Rf8 20. f3 b6 21. Ne4 Bf5 22. Bc4 Qc7 23. g4 Be6 24. Qe2 Qd7 25. Bh6 Rf7 26. Be3 Nxe3 27. Bxe6 Qxe6 28. Qxe3 Raf8 29. Qh6 Rg7 30. Ng5 Qe3+ 31. Kb1 a6 32. Rde1 Qf4 33. Re4 Qd2 34. Ne6 Qxh6 35. Rxh6 Rxf3 36. Nxg7 Bxg7 37. Rh1 Rg3 38. c3 Rf3 39. Rxe7 Rf6 40. Rhe1 Bf8 41. R7e6 Rxe6 42. Rxe6 c5 43. Rxb6 cxd4 44. cxd4 Bg7 45. d5 Kf8 46. d6 Bd4 47. Rb8+ Kf7 48. d7 Bf6 49. d8Q Bxd8 50. Rxd8 h5 51. gxh5 gxh5 52. b4 Kg6 53. Rd6+ Kg5 54. Rxa6 h4 55. Rc6 h3 56. Rc1 Kg4 57. Kb2 h2 58. b5 Kg3 59. b6 Kg2 60. b7 h1Q 61. Rxh1 Kxh1 62. b8Q Kg2 63. Qf8 Kg3 64. Kc3 Kg4 65. Kd4 Kg5 66. Ke5 Kg6 67. Qg8+ Kh6 68. Kf6 1-0